I grandi esploratori - Statistics

Statistiche generali
  • Questo quiz è stato fatto 33 volte
    5 dall'ultimo reset
  • Il punteggio medio è 25 su 54
Statistiche sulle risposte
Estremi biografici Descrizione Esploratore % Corretto
Genova, 1451 - Valladolid,1506 Navigatore genovese che ideò la rotta atlantica per le Indie e che, al servizio della Spagna, il 12 ottobre del 1492 scoprì l'esistenza del continente americano (ritenendolo erroneamente l'Asia orientale), esplorato poi in altri tre viaggi. Cristoforo Colombo
100%
Klusino, 1934 - Kirzac, 1968 Cosmonauta e aviatore russo che fu il primo uomo a volare nello spazio nell'aprile del 1961. Jurij Gagarin
100%
Venezia, 1254-1324 Mercante e viaggiatore veneziano che tra il 1271 e il 1295 viaggiò in Asia, raggiungendo la Cina e divenendo un consigliere del Gran Khan. Il famoso resoconto dei suoi viaggi è noto come Il Milione. Marco Polo
100%
Pella, 356 a.C. - Babilonia 323 a.C. Sovrano macedone, detto "Magno", che guidò il proprio esercito dalla Grecia all'India, attraverso regioni quasi sconosciute agli occidentali. Alessandro III di Macedonia
80%
Firenze, 1454 - Siviglia, 1512 Esploratore fiorentino al servizio del Portogallo, che per primo si rese conto che le terre scoperte nel 1492 appartenevano ad un continente fino ad allora ignoto, continente che in suo onore fu chiamato "America". Amerigo Vespucci
80%
Norvegia, 940 - Groenlandia, 1002 Navigatore vichingo che, partendo dall'Islanda, avrebbe scoperto la Groenlandia e vi avrebbe installato il primo insediamento europeo. Erik il Rosso
80%
Porto, 1480 - Filippine, 1521 Esploratore portoghese al servizio della Spagna, che nel 1519 guidò la prima spedizione che riuscì a circumnavigare il globo, scoprendo lo stretto che porta il suo nome. Morì nelle Filippine durante il viaggio. Ferdinando Magellano
80%
Trujillo, 1475 - Lima,1541 Conquistador spagnolo che partecipò all'esplorazione dell'istmo di Panama, condusse la conquista dell'Impero Inca e fondò la città di Lima. Francisco Pizarro
80%
Tavistock 1540/44 - Portobelo, 1596 Corsaro inglese che tra il 1577 e il 1580 compì la seconda circumnavigazione del globo, divenendo il primo comandante a riuscire a completare tale missione. Francis Drake
80%
Medellin, 1485 - Castilleja, 1547 Condottiero spagnolo che sbarcò in Messico nel 1519, scoprì l'esistenza dell'Impero Azteco e lo sottomise rapidamente, conquistando l'America Centrale. Hernan Cortés
80%
Wapakoneta, 1930 - Cincinnati, 2012 Astronauta e aviatore statunitense che il 21 luglio 1969 divenne il primo uomo a posare piede sulla superficie della Luna. Neil Armstrong
80%
Bressanone, 1944 - Alpinista italiano che è stato il primo al mondo a scalare tutte le quattordici cime che superano gli ottomila metri, nonché primo a raggiungere la vetta dell'Everest senza ossigeno supplementare. Reinhold Messner
80%
Fredrikstad, 1872 - Mar Glaciale Artico, 1928 Esploratore polare norvegese che nel 1905-06 navigò per primo nel Passaggio a Nordovest e che nel 1911-12 condusse la prima spedizione in grado di raggiungere il Polo Sud. Nel 1926 partecipò con un dirigibile italiano ed americano al primo volo tra Europa e America. Scomparve durante una missione di soccorso. Roald Amundsen
80%
Sines, 1469 - India, 1524 Esploratore portoghese che per primo, nel 1498, raggiunse l'India via mare dopo aver circumnavigato l'Africa Vasco da Gama
80%
Vicenza,1492-1531 Navigatore italiano che prese parte alla prima circumnavigazione del globo, lasciando il preziosissimo resoconto Relazione del primo viaggio intorno al mondo. Antonio Pigafetta
60%
Algarve, 1450 - Capo di Buona Speranza, 1500 Navigatore portoghese che nel 1488 fu il primo europeo a doppiare il Capo di Buona Speranza, dimostrando la possibilità di raggiungere l'India via mare dall'Europa. Bartolomeo Diaz
60%
Blantyre, 1813 - Lago Bangweulu, 1873 Esploratore britannico, tra i più noti viaggiatori europei in Africa dell'Ottocento. Scoprì le Cascate Vittoria ed esplorò lo Zambesi, ma non riuscì a trovare le fonti del Nilo. Nel 1871 avvenne un famoso incontro tra lui e un altro esploratore che, data l'assenza di sue notizie, era andato a cercarlo. David Livingstone
60%
Hortonville, 1865 - New Rochelle, 1940 Esploratore statunitense che nel 1906 fu il primo a scalare il Denali, il monte più alto del Nord America. Nel 1908 sostenne, senza che ci siano prove sufficienti, di essere stato il primo a raggiungere il Polo Nord. Frederick Cook
60%
King's Lynn, 1757 - Londra, 1798 Navigatore britannico che esplorò la costa pacifica dell'America settentrionale, fino all'Alaska, e la costa dell'Australia. Da lui prendono il nome un'isola e la principale città del Canada occidentale. George Vancouver
60%
Marton, 1728 - Hawaii, 1779 Navigatore inglese che esplorò l'Oceano Pacifico meridionale, riscoprì l'Australia dopo diversi decenni, rivendicandola alla corona britannica, e che raggiunse per primo la Georgia del Sud e le Hawaii, dove fu ucciso. Uno stretto e un arcipelago portano il suo nome. James Cook
60%
Belmonte, 1467 - Santarem, 1520 Navigatore portoghese che mentre tentava di raggiungere l'India, nel 1500, scoprì le coste del Brasile. Pedro Alvares Cabral
60%
Horsens,1681 - Isole del Commodoro,1741 Esploratore danese che al servizio della Russia scoprì lo stretto che separa l'Asia dall'America settentrionale, e che a lui è stato intitolato. Vitus Bering
60%
Lutjegast, 1603 - Giacarta, 1659 Esploratore olandese che raggiunse per primo la Nuova Zelanda e la Figi. A lui sono intitolati un mare e la maggiore isola australiana. Abel Tasman
40%
Valfurva, 1914 - Aosta, 2009 Uno dei due alpinisti italiani che il 31 luglio 1954 compirono, per conto della spedizione italiana di Ardito Desio, la prima ascensione del monte K2, la seconda vetta più alta del pianeta. Achille Compagnoni
40%
Gaeta, 1445/50 - Oceano Atlantico,1498/1501 Navigatore italiano che inaugurò l'esplorazione dell'Atlantico nordoccidentale per conto dell'Inghilterra e che nel 1497 raggiunse per primo le coste del continente americano settentrionale dai tempi dei vichinghi. Giovanni Caboto
40%
Londra, 1565 - Mar Glaciale Artico, 1611 Esploratore inglese che navigò nei mari artici alla ricerca del passaggio a Nordovest. A lui sono intitolati il fiume di New York e la più grande baia canadese. Henry Hudson
40%
Tangeri, 1304 - Fez, 1368 Viaggiatore berbero, tra i più grandi esploratori del Medioevo, che nel corso dei propri viaggi esplorò l'Africa settentrionale e orientale, la Spagna, il Medio Oriente, l'Asia centrale, l'India e la Cina. Ibn Battuta
40%
Cadice, 60-13 a.C. Comandante romano che guidò una spedizione armata attraverso il deserto del Sahara, raggiungendo il corso del fiume Niger. Lucio Cornelio Balbo
40%
Castel Gandolfo, 1852 - Dakar,1905 Esploratore italiano che per conto della Francia perlustrò il corso del fiume Congo e pose le basi per la colonizzazione europea della regione. La capitale della Repubblica del Congo è stata nominata in suo onore. Pietro Savorgnan di Brazzà
40%
Massalia, 380-310 a.C. Navigatore greco che raggiunse le Isole Britanniche e i mari artici, descrivendo per primo i ghiacci polari e l'aurora boreale. Pitea
40%
Hiers-Brouage, 1567 - Québec,1635 Esploratore francese, autore di dodici viaggi nel Canada e fondatore della città di Québec Samuel de Champlain
40%
Genova, 1260 ca - Oceano Atlantico, 1291 Fratelli genovesi che guidarono una delle prime spedizioni europee che avevano per obiettivo il raggiungimento dell'India via mare. Della spedizione si persero le tracce nel 1291. Ugolino Vivaldi / Vadino Vivaldi
40%
Lauro, 1885 - Roma, 1978 Pioniere italiano dell'aeronautica, nel 1926 partecipò al primo trasvolo in dirigibile sopra il Polo Nord. Nel 1928 guidò la famosa spedizione del dirigibile Italia, conclusasi in tragedia. Umberto Nobile
40%
Jerez de los Caballeros, 1475 - Istmo di Panama, 1519 Esploratore e condottiero spagnolo che nel 1513, dopo aver attraversato l'istmo di Panama, fu il primo europeo a scorgere l'Oceano Pacifico Vasco Nunez de Balboa
40%
Cartagine, VI-V sec. a.C. Esploratore cartaginese, detto "il Navigatore", che oltrepassò le Colonne d'Ercole ed esplorò la costa africana, arrivando probabilmente fino al Golfo di Guinea Annone
20%
Auckland, 1919 - 2008 Alpinista neozelandese che il 29 maggio 1953 compì, con un altro scalatore, la prima ascensione del monte Everest, la vetta più alta del pianeta. Edmund Hillary
20%
Mosca, 1532/42 - Siberia, 1585 Comandante cosacco che condusse la prima esplorazione russa della Siberia, dando il via all'espansione dello stato russo oltre gli Urali. Ermak Timofeevic
20%
Denbigh, 1841 - Londra, 1904 Esploratore britannico-americano che compì la famosa spedizione di ricerca di un collega dato per disperso nell'Africa centrale, e che si concluse felicemente nel 1871. Henry Morton Stanley
20%
Chamonix, 1762 - Valle di Sixt, 1837 Cacciatore sabaudo che nel 1786, con un altro alpinista, completò la prima ascensione alla vetta del Monte Bianco, la cima più alta delle Alpi. Scomparve durante una scalata in età avanzata. Jacques Balmat
20%
Saint-Malo, 1491-1557 Primo esploratore francese del Canada, risalì il fiume San Lorenzo e pose le basi per la successiva colonizzazione del Québec Jacques Cartier
20%
Bideford, 1827 - Corsham, 1874 Esploratore britannico che nel 1860 intuì che il Lago Vittoria è la sorgente del Nilo. La scoperta fu ultimata e confermata definitivamente solo nel 1937 dall'esploratore tedesco Burkhart Waldecker. John Hanning Speke
20%
Getaria, 1476 - Oceano Pacifico, 1526 Navigatore spagnolo che, dopo la morte del comandante, portò a compimento la prima circumnavigazione del globo nel 1522. Juan Sebastian Elcano
20%
Miharu, 1939 - Kawagoe, 2016 Alpinista giapponese che il 16 maggio 1975 divenne la prima donna a completare l'ascensione del monte Everest. Junko Tabei
20%
Islanda, 970 - Groenlandia,1018/25 Esploratore vichingo, figlio del precedente, il quale sarebbe stato il primo europeo a sbarcare in America, sull'isola di Terranova. Leif Erikson
20%
Cortina d'Ampezzo, 1925-2009 Uno dei due alpinisti italiani che il 31 luglio 1954 compirono, per conto della spedizione italiana di Ardito Desio, la prima ascensione del monte K2, la seconda vetta più alta del pianeta. Lino Lacedelli
20%
Albemarle, 1774 - Hohenwald,1809 Esploratore americano che guidò la spedizione che nel 1806 raggiunse via terra la costa dell'Oceano Pacifico, dopo aver esplorato vaste porzioni degli attuali Stati Uniti Meriwether Lewis
20%
Chamonix, 1727-1827 Medico sabaudo che nel 1786, con un altro alpinista, fu il primo a raggiungere la vetta del Monte Bianco, la cima più alta delle Alpi. Michel Paccard
20%
Cresson, 1856 - Washington, 1920 Esploratore statunitense che nel 1909 affermò di essere stato il primo ad aver raggiunto il Polo Nord, anche se tale avvenimento è fortemente dibattuto, e la prima spedizione ad aver certamente raggiunto il Polo è quella sovietica di Kuznecov, del 1948. Robert Edwin Peary
20%
Salmon, 1788 - Omaha, 1812 Nativa americana che accompagnò la spedizione americana del 1804-06 attraverso le Grandi Pianure e le Montagne Rocciose, fino alla costa dell'Oceano Pacifico. Sacajawea
20%
Khumbu, 1914 - Darjeeling, 1986 Sherpa nepalese che il 29 maggio 1953 compì, con un altro scalatore, la prima ascensione del monte Everest, la vetta più alta del pianeta. Tenzing Norgay
20%
Maslennikovo, 1937 - Cosmonauta russa che nel giugno del 1963 divenne la prima donna ad aver volato nello spazio. Valentina Tereskova
20%
Londra, 1552/54-1618 Corsaro inglese, tra i favoriti di Elisabetta I, che esplorò l'America settentrionale, dove fondò i primi insediamenti europei sulla costa degli attuali Stati Uniti, e meridionale Walter Raleigh
20%
Ladysmith, 1770 - Saint Louis,1838 Esploratore americano che fu vicecomandante della spedizione che nel 1806 raggiunse via terra la costa dell'Oceano Pacifico, dopo aver esplorato vaste porzioni degli attuali Stati Uniti William Clark
20%
Kunming, 1371-1434 Ammiraglio cinese che nel corso dei propri viaggi esplorativi e commerciali raggiunse l'India, le coste dell'Africa e il Mar Rosso. Zheng He
20%
Nessun quiz corrispondente trovato
Distribuzione punteggi
Percentuale di utenti per punteggio
Percentile per numero di risposta
I tuoi punteggi nel tempo
Non hai fatto questo quiz dall'ultimo reset